Delayed development of visual motion processing in childhood migraine

Elmentve itt :
Bibliográfiai részletek
Szerzők: Braunitzer Gábor
Rokszin Alice
Kóbor Jenő Dezső
Benedek György
Nagy Attila
Kincses Zsigmond Tamás
Dokumentumtípus: Cikk
Megjelent: 2012
Sorozat:CEPHALALGIA 32 No. 6
doi:10.1177/0333102412441718

mtmt:2050681
Online Access:http://publicatio.bibl.u-szeged.hu/10191
LEADER 00847nab a2200253 i 4500
001 publ10191
005 20190508170322.0
008 170106s2012 hu o 0|| zxx d
022 |a 0333-1024 
024 7 |a 10.1177/0333102412441718  |2 doi 
024 7 |a 2050681  |2 mtmt 
040 |a SZTE Publicatio Repozitórium  |b hun 
041 |a zxx 
100 1 |a Braunitzer Gábor 
245 1 0 |a Delayed development of visual motion processing in childhood migraine  |h [elektronikus dokumentum] /  |c  Braunitzer Gábor 
260 |c 2012 
300 |a 492-496 
490 0 |a CEPHALALGIA  |v 32 No. 6 
700 0 1 |a Rokszin Alice  |e aut 
700 0 1 |a Kóbor Jenő Dezső  |e aut 
700 0 1 |a Benedek György  |e aut 
700 0 1 |a Nagy Attila  |e aut 
700 0 1 |a Kincses Zsigmond Tamás  |e aut 
856 4 0 |u http://publicatio.bibl.u-szeged.hu/10191/1/2012Cephalalgia.pdf  |z Dokumentum-elérés